• 首页
  • 本馆介绍
  • 公告通知
  • 最新文献
  • 馆藏检索
  • 电子资源
  • 读者导购
  • 参考咨询
  • 我的图书馆
  • 登录
  • 详细信息显示
  • 放入我的书架
  • 预约/预借图书
  • 作者相关作品
  • 分类相关作品
  • 丛书相关作品
  • 出版社相关作品

书目信息

  • 表格格式
  • 工作单格式
  • 卡片格式
题名:
美化广场
    
 
作者: 南海 编
分册: 6  
出版信息: 西安   陕西旅游出版社  2006
页数: 128页
开本: 26cm
丛书名:
单 册:
中图分类: TU241 , TS935
科图分类:
主题词: 住宅--室内装饰--窗帘--图集--世界 , 住宅 , 室内装饰 , 窗帘 , 刺绣--生产工艺 , 编织--生产工艺 , 毯--生产工艺
电子资源:
ISBN: 7-5418-1216-1
000 00875nam0 2200313 450
001 1534644491
005 20150130093819.09
010    @a7-5418-1216-1@dCNY24.80
100    @a20071029d2006 em y0chiy0110 ea
101 0  @achi
102    @aCN@b610000
105    @aa z 000yy
200 1  @a美化广场@9Mei Hua Guang Chang@e景秀风情@EChuang Lian 1001@h6@f南海编@FNan Hai Bian
210    @a西安@c陕西旅游出版社@d2006
215    @a128页@彩图@d26cm
300    @a2007/2008世界流行窗帘大汇集
517 1  @a景秀风情@Ajing xiu feng qing
606 0  @a住宅@x室内装饰@x窗帘@j图集@y世界
606 0  @a住宅
606 0  @a室内装饰
606 0  @a窗帘
606 0  @a刺绣@x生产工艺
606 0  @a编织@x生产工艺
606 0  @a毯@x生产工艺
690    @aTU241@v5
690    @aTS935@v4
701  0 @a南海@9Nan Hai@4编
801  0 @aCN@bTSSF@c20150130
905    @aZUCC@dTS935@eJY63:6
    
    美化广场:景秀风情.6/南海编.-西安:陕西旅游出版社,2006
    128页;26cm
    2007/2008世界流行窗帘大汇集
    
    ISBN 7-5418-1216-1:CNY24.80
    
●
相关链接 在E读中查询图书 在五车中查询图书 在当当中查询图书 在豆瓣中查询图书


正题名:美化广场     索取号:TS935/JY63:6         预约/预借

序号 登录号 条形码 馆藏地/架位号 状态 备注
1 7861751   278617515   学院路分馆/ [索取号:TS935/JY63:6] 在馆    
唐山师范学院图书馆 欢迎您!
大连网信软件有限公司© 版权所有